largest city's in the UK - Statistics

General Stats
  • This quiz has been taken 60 times
  • The average score is 15 of 29
Answer Stats
county Country Answer % Correct
1 West Midlands England Birmingham
80%
2 West Yorkshire England Leeds
80%
8 Merseyside England Liverpool
76%
6 Greater place England Manchester
76%
7 City of Place Scotland Edinburgh
74%
3 Place City Scotland Glasgow
74%
17 Tyne and Wear England Newcastle Upon Tyne
74%
10 City of place Wales Cardiff
72%
16 Nottinghamshire England Nottingham
65%
30 North Yorkshire England York
63%
13 Leicestershire England Leicester
61%
12 County Down / Antrim Northern Ireland Belfast
57%
9 City of place England Bristol
54%
24 Derbyshire England Derby
50%
4 South Yorkshire England Sheffield
50%
21 Devon England Plymouth
48%
25 City and county of place Wales Swansea
48%
5 West Yorkshire England Bradford
44%
20 East Riding of Yorkshire England Kingston upon Hull
44%
26 Hampshire England Southampton
44%
18 Tyne and Wear England Sunderland
44%
19 East Sussex England Brighton & Hove
43%
29 Hampshire England Portsmouth
43%
15 West Midlands England Coventry
37%
23 Staffordshire England Stoke on Trent
37%
22 West Midlands England Wolverhampton
31%
27 Greater Manchester England Salford
28%
14 West Yorkshire England Wakefield
22%
28 Greater London England Westminster
20%
No matching quizzes found
Score Distribution
Percent of People with Each Score
Percentile by Number Answered
Your Score History
You have not taken this quiz